000 00724nam a2200241Ia 4500
003 OSt
005 20220930191947.0
006 a|||||r|||| 00| 0
007 ta
008 220926b |||||||| |||| 00| 0 pan d
024 _a9579
037 _cDissertations
040 _aCRL
_cCRL
_bpan
041 _2pan
_apan
100 _aHarjeet Kaur
_9560715
110 _aUniversity of Delhi. Faculty of Arts. Department of Punjabi
_9519628
245 0 _aTara Singh de kav sangreh simde pather to meghle da kav-jagat
260 _c1988
650 _aPUNJABI LITERATURE
700 _aUniversity of Delhi. Faculty of Arts. Department of Punjabi
_9519631
942 _cDIS
_2CC
999 _c894589
_d894589